[Event "AUS-ch op"]
[Site "Melbourne"]
[Date "2025.01.04"]
[Round "3"]
[White "Nguyen, Hong Anh"]
[Black "Cheng, Chao Xin"]
[Result "1/2-1/2"]
[WhiteElo "2091"]
[BlackElo "1833"]
[PlyCount "184"]
[EventDate "2025.01.02"]
[EventType "swiss"]
[EventRounds "9"]
[EventCountry "AUS"]
[SourceTitle "CB03_2025"]
[SourceDate "2025.01.15"]
[SourceVersion "1"]
[SourceVersionDate "2025.01.15"]
[SourceQuality "1"]

1. e4 c5 2. Nf3 e6 3. d4 cxd4 4. Nxd4 a6 5. Nc3 Nc6 6. Be3 Qc7 7. Qf3 Nf6 8. 0-0-0 Be7 9. Be2 d6 10. Qg3 0-0 11. Bf4 Ne5 12. h4 b5 13. Bh6 Ne8 14. h5 Kh8 15. Bf4 b4 16. Nb1 Bb7 17. Nd2 Rc8 18. Kb1 Nc6 19. Nxc6 Qxc6 20. Bd3 e5 21. Be3 Bf6 22. Nc4 Qc7 23. Qg4 Rb8 24. Ba7 Ra8 25. Bb6 Qc6 26. Be3 Bc8 27. Qf3 Be6 28. Nb6 Rb8 29. Nd5 Bd8 30. Qe2 Nc7 31. Bc4 Nb5 32. Bb3 a5 33. Ka1 Nc7 34. Bc4 a4 35. b3 Bxd5 36. exd5 Qd7 37. f4 Bf6 38. h6 g6 39. fxe5 Bxe5+ 40. Bd4 Rfe8 41. Qf2 Qe7 42. bxa4 Ra8 43. Bxe5+ Qxe5+ 44. Kb1 Kg8 45. Qd4 Qxd4 46. Rxd4 Rxa4 47. Bb3 Ra5 48. Rxb4 Nxd5 49. Rb7 Kf8 50. Kb2 Re7 51. Rb8+ Re8 52. Rxe8+ Kxe8 53. Rd1 Ne3 54. Rxd6 Nxg2 55. Rb6 Rh5 56. Rb8+ Ke7 57. Rb7+ Kd6 58. Rxf7 Rxh6 59. a4 Rh5 60. Kc3 Ne3 61. Ra7 g5 62. a5 g4 63. a6 Kc6 64. Kd4 Nf5+ 65. Ke4 Kb6 66. Ra8 Nd6+ 67. Kf4 Ra5 68. c4 h5 69. a7 Kb7 70. Rd8 Nc8 71. Rd7+ Kc6 72. Rd5 Ra3 73. Bd1 Nxa7 74. Rxh5 g3 75. Bf3+ Kd6 76. c5+ Kc7 77. Rh7+ Kd8 78. Rg7 Nb5 79. Rxg3 Nd4 80. Rg8+ Kc7 81. Rg7+ Kd8 82. Bg4 Rc3 83. Rd7+ Ke8 84. Rd5 Nb3 85. c6 Ke7 86. Rd7+ Kf6 87. c7 Nd4 88. Rh7 Ne6+ 89. Bxe6 Kxe6 90. Ke4 Kd6 91. Kd4 Rxc7 92. Rxc7 Kxc7 1/2-1/2

[Event "Swiss Queens Wed #43"]
[Site "FIDE Online Arena INT"]
[Date "2024.11.20"]
[Round "9"]
[White "Buksa, Nataliya"]
[Black "Nguyen, Hong Anh"]
[Result "0-1"]
[WhiteElo "2400"]
[BlackElo "2077"]
[PlyCount "108"]
[EventDate "2024.11.20"]
[EventType "swiss (blitz)"]
[EventRounds "11"]
[EventCountry "NET"]
[SourceTitle "CB48_2024"]
[SourceDate "2024.11.28"]
[SourceVersion "1"]
[SourceVersionDate "2024.11.28"]
[SourceQuality "1"]

1. d4 Nf6 2. Nf3 g6 3. Nc3 d5 4. h4 Bg7 5. Ne5 h5 6. Bf4 0-0 7. e3 c5 8. Qd2 Bf5 9. 0-0-0 Qa5 10. Kb1 Nc6 11. Nxc6 bxc6 12. Nxd5 Bxc2+ 13. Qxc2 Nxd5 14. Be5 Nb4 15. Qc4 Bxe5 16. dxe5 Rfd8 17. Be2 Rab8 18. g4 Rxd1+ 19. Rxd1 Nd5 20. Ka1 Rb4 21. Qc2 hxg4 22. e6 f5 23. Bc4 Qa4 24. Bb3 Qb5 25. h5 c4 26. hxg6 cxb3 27. Qxf5 Nf6 28. Qb1 bxa2 29. Qc2 Qa4 30. Qd2 Kg7 31. Rh1 Kxg6 32. e4 Nh5 33. Qd8 Ng7 34. Qg8 Rd4 35. Qh7+ Kf6 36. Rh6+ Ke5 37. Qxg7+ Kd6 38. Rh1 Rd1+ 39. Rxd1+ Qxd1+ 40. Kxa2 Qa4+ 41. Kb1 Qxe4+ 42. Ka1 Qxe6 43. Qf8 Qe1+ 44. Ka2 Qa5+ 45. Kb1 Qe5 46. Qb8+ Ke6 47. Qxa7 Qf5+ 48. Ka1 c5 49. Qb6+ Kf7 50. Qc7 Qxf2 51. Ka2 g3 52. Qd7 Qf6 53. Qd5+ Qe6 54. Qxe6+ Kxe6 0-1

[Event "Swiss Queens Wed #43"]
[Site "FIDE Online Arena INT"]
[Date "2024.11.20"]
[Round "6"]
[White "Nguyen, Hong Anh"]
[Black "Jimenez Salas, Maria Teresa"]
[Result "1-0"]
[WhiteElo "2077"]
[BlackElo "2079"]
[PlyCount "131"]
[EventDate "2024.11.20"]
[EventType "swiss (blitz)"]
[EventRounds "11"]
[EventCountry "NET"]
[SourceTitle "CB48_2024"]
[SourceDate "2024.11.28"]
[SourceVersion "1"]
[SourceVersionDate "2024.11.28"]
[SourceQuality "1"]

1. d4 d5 2. c4 c6 3. Nf3 Nf6 4. Qc2 dxc4 5. Qxc4 Bf5 6. g3 e6 7. Bg2 Nbd7 8. 0-0 Be7 9. Nc3 0-0 10. Re1 Ne4 11. Bf4 Nxc3 12. bxc3 Be4 13. a4 a5 14. Nd2 Bxg2 15. Kxg2 Nb6 16. Qb3 Qd5+ 17. e4 Qxb3 18. Nxb3 Rac8 19. Nxa5 g5 20. Be3 Ra8 21. Reb1 Rxa5 22. Rxb6 Ra7 23. Rab1 Rxa4 24. Rxb7 Bf6 25. e5 Bd8 26. Rd7 Ra8 27. Rbb7 Rc8 28. h4 h6 29. hxg5 hxg5 30. Kf3 Kg7 31. Kg4 Kg6 32. Bc1 Ra8 33. Rd6 Rc8 34. Ba3 Rg8 35. Rdd7 f5+ 36. exf6 Bxf6 37. Be7 Bxe7 38. Rxe7 Kf6 39. Rf7+ Kg6 40. Rbe7 c5 41. Rf3 Rc6 42. Ref7 e5 43. dxe5 Re8 44. R3f6+ Rxf6 45. Rxf6+ Kg7 46. Kf5 Rd8 47. Rg6+ Kf7 48. e6+ Ke7 49. Rg7+ Kd6 50. e7 Re8 51. Kf6 g4 52. c4 Kd7 53. Rxg4 Rxe7 54. Rg7 Rxg7 55. Kxg7 Ke6 56. f4 Kf5 57. Kf7 Ke4 58. Ke6 Kd4 59. f5 Kxc4 60. f6 Kb3 61. f7 c4 62. f8Q c3 63. Qf1 c2 64. Qc1 Kc3 65. g4 Kd3 66. g5 1-0

[Event "Swiss Queens Wed #43"]
[Site "FIDE Online Arena INT"]
[Date "2024.11.20"]
[Round "10"]
[White "Nguyen, Hong Anh"]
[Black "Priyanka, Nutakki"]
[Result "0-1"]
[WhiteElo "2077"]
[BlackElo "2262"]
[PlyCount "198"]
[EventDate "2024.11.20"]
[EventType "swiss (blitz)"]
[EventRounds "11"]
[EventCountry "NET"]
[SourceTitle "CB48_2024"]
[SourceDate "2024.11.28"]
[SourceVersion "1"]
[SourceVersionDate "2024.11.28"]
[SourceQuality "1"]

1. d4 c5 2. d5 e5 3. c4 d6 4. Nc3 Be7 5. e4 Bg5 6. Nf3 Bxc1 7. Qxc1 Ne7 8. Be2 0-0 9. 0-0 h6 10. a3 f5 11. exf5 Bxf5 12. b4 b6 13. Qe3 Nd7 14. Nh4 Bh7 15. Bg4 Nf5 16. Bxf5 Bxf5 17. Nxf5 Rxf5 18. Ne4 Qe7 19. bxc5 bxc5 20. a4 Rb8 21. a5 Rff8 22. Rab1 a6 23. h3 Rfd8 24. Qd3 Nf8 25. Rb6 Rxb6 26. axb6 Rb8 27. Rb1 Rb7 28. Qa3 Ng6 29. Qxa6 Nf4 30. Nxd6 Qg5 31. g3 Nxh3+ 32. Kf1 Rb8 33. Qa7 Rf8 34. Qa2 Qg6 35. Rb2 Qxd6 36. Kg2 Ng5 37. b7 Rb8 38. Qa7 Nf7 39. Rb6 Qc7 40. Rb5 Nd8 41. Rxc5 Qxb7 42. Qa5 Kh7 43. Rc7 Qb1 44. Qd2 Qe4+ 45. Kh2 Rb1 46. f3 Qxf3 47. Qg2 Qxg2+ 48. Kxg2 e4 49. Kf2 Rb3 50. c5 Nb7 51. d6 Nxd6 52. cxd6 Rd3 53. d7 Kg6 54. Ke2 Kf6 55. Rc6+ Ke7 56. Rc4 Rxd7 57. Rxe4+ Kf6 58. Kf3 Re7 59. Rf4+ Kg6 60. Rg4+ Kh7 61. Rf4 Re6 62. Kg4 Rg6+ 63. Kh3 Rf6 64. Re4 Kg6 65. Rg4+ Kf7 66. Ra4 g5 67. Ra7+ Kg6 68. Ra5 h5 69. Ra8 Rb6 70. Ra5 Rf6 71. Rb5 Rf1 72. Rb6+ Rf6 73. Rb5 Kh6 74. Ra5 Rc6 75. Rb5 Kg6 76. Ra5 Kf6 77. Rb5 Re6 78. Ra5 Re5 79. Ra6+ Kf5 80. Ra4 Rc5 81. Ra8 Rc1 82. Rf8+ Kg6 83. Rg8+ Kf6 84. Rf8+ Kg7 85. Ra8 g4+ 86. Kh4 Rh1+ 87. Kg5 Rh3 88. Ra7+ Kf8 89. Ra3 Ke7 90. Ra7+ Ke6 91. Kf4 Rh1 92. Rh7 Kd5 93. Re7 Kd4 94. Re2 Kd3 95. Re8 Rf1+ 96. Kg5 Rf3 97. Kxh5 Rxg3 98. Kh4 Rg1 99. Rg8 Rh1+ 0-1

[Event "Swiss Queens Wed #42"]
[Site "FIDE Online Arena INT"]
[Date "2024.11.13"]
[Round "10"]
[White "Nguyen, Hong Anh"]
[Black "Arabidze, Meri"]
[Result "0-1"]
[WhiteElo "2077"]
[BlackElo "2457"]
[PlyCount "86"]
[EventDate "2024.11.13"]
[EventType "swiss (blitz)"]
[EventRounds "11"]
[EventCountry "NET"]
[SourceTitle "CB47_2024"]
[SourceDate "2024.11.20"]
[SourceVersion "1"]
[SourceVersionDate "2024.11.20"]
[SourceQuality "1"]

1. d4 Nf6 2. c4 e6 3. Nf3 Bb4+ 4. Bd2 Qe7 5. g3 Bxd2+ 6. Qxd2 Nc6 7. Bg2 Ne4 8. Qc2 Qb4+ 9. Kf1 d5 10. cxd5 exd5 11. Nc3 Nxc3 12. bxc3 Qd6 13. e4 0-0 14. e5 Qh6 15. h4 Ne7 16. Kg1 Bf5 17. Qb2 b6 18. Kh2 Be4 19. Rhe1 f6 20. c4 c6 21. Qd2 Bxf3 22. Qxh6 gxh6 23. exf6 Rxf6 24. Rxe7 dxc4 25. Rae1 Raf8 26. Bh3 b5 27. Rxa7 Bd5 28. f4 c3 29. Rc1 b4 30. Rb7 c5 31. Rb5 Bxa2 32. dxc5 Rd8 33. Rxb4 Rd2+ 34. Kh1 Bd5+ 35. Kg1 c2 36. Rb8+ Kg7 37. Rd8 Rd1+ 38. Kf2 Rxc1 39. Rxd5 Rf1+ 40. Bxf1 c1Q 41. Be2 Qb2 42. Rd7+ Rf7 43. Rd5 Re7 0-1

[Event "Swiss Queens Wed #42"]
[Site "FIDE Online Arena INT"]
[Date "2024.11.13"]
[Round "3"]
[White "Nguyen, Hong Anh"]
[Black "Isha, Sharma"]
[Result "1-0"]
[WhiteElo "2077"]
[BlackElo "2229"]
[PlyCount "109"]
[EventDate "2024.11.13"]
[EventType "swiss (blitz)"]
[EventRounds "11"]
[EventCountry "NET"]
[SourceTitle "CB47_2024"]
[SourceDate "2024.11.20"]
[SourceVersion "1"]
[SourceVersionDate "2024.11.20"]
[SourceQuality "1"]

1. d4 Nf6 2. c4 d6 3. Nf3 g6 4. g3 Bg7 5. Bg2 0-0 6. 0-0 Nbd7 7. Nc3 e5 8. e4 Re8 9. d5 a5 10. h3 Nc5 11. Qc2 a4 12. Be3 Bd7 13. b4 axb3 14. axb3 Na6 15. Na2 c5 16. Ne1 b5 17. Nd3 b4 18. Nac1 Nc7 19. Ne2 Qe7 20. Rad1 Ra3 21. Nxc5 dxc5 22. d6 Qd8 23. dxc7 Qxc7 24. Rd3 Be6 25. Rfd1 Rea8 26. Nc1 h6 27. f4 Nh5 28. Qf2 exf4 29. gxf4 Re8 30. f5 gxf5 31. exf5 Bc8 32. Bxc5 Nf4 33. Rg3 Nxg2 34. Rxg2 Kh8 35. f6 Bf8 36. Bxf8 Rxf8 37. Qe3 Kh7 38. Qe4+ Kh8 39. Qh4 Kh7 40. Re1 Qc5+ 41. Kh1 Bf5 42. Qf4 Bg6 43. Reg1 Ra1 44. Ne2 Re8 45. Rxa1 Be4 46. Rag1 Bxg2+ 47. Rxg2 Qe3 48. Qxe3 Rxe3 49. Nd4 Rf3 50. Nc6 Rxf6 51. Nxb4 Rf3 52. Nd5 Rxb3 53. Kh2 Rb1 54. Nf6+ Kh8 55. Rg8# 1-0

[Event "Swiss Queens Wed #42"]
[Site "FIDE Online Arena INT"]
[Date "2024.11.13"]
[Round "5"]
[White "Nguyen, Hong Anh"]
[Black "Saranya, Devi Narahari"]
[Result "1/2-1/2"]
[WhiteElo "2077"]
[BlackElo "1743"]
[PlyCount "131"]
[EventDate "2024.11.13"]
[EventType "swiss (blitz)"]
[EventRounds "11"]
[EventCountry "NET"]
[SourceTitle "CB47_2024"]
[SourceDate "2024.11.20"]
[SourceVersion "1"]
[SourceVersionDate "2024.11.20"]
[SourceQuality "1"]

1. d4 Nf6 2. c4 d5 3. cxd5 Nxd5 4. e4 Nf6 5. Nc3 e6 6. Nf3 c5 7. d5 exd5 8. exd5 Bg4 9. Be2 Nbd7 10. 0-0 Bd6 11. h3 Bh5 12. Nh4 Bxe2 13. Qxe2+ Qe7 14. Qf3 0-0 15. Nf5 Qe5 16. Nxd6 Qxd6 17. Bf4 Ne5 18. Qg3 Rfe8 19. Rfe1 Nfd7 20. Rad1 Qf6 21. Ne4 Qg6 22. Qxg6 Nxg6 23. Bg3 b6 24. Nd6 Rxe1+ 25. Rxe1 Nf6 26. Rd1 Rd8 27. Nb5 Rxd5 28. Rxd5 Nxd5 29. Nxa7 Nb4 30. Nc8 Nxa2 31. Nxb6 Nb4 32. Nd7 Nd3 33. b3 Nf8 34. Nxf8 Kxf8 35. Bd6+ Ke8 36. Kf1 Kd7 37. Bf8 g6 38. Bh6 Kc6 39. Ke2 Ne5 40. Kd2 Kd5 41. Kc3 Nc6 42. Bf8 Nd4 43. b4 cxb4+ 44. Bxb4 Ne2+ 45. Kd2 Nf4 46. g3 Nxh3 47. Ke3 Ng5 48. Be7 Ne6 49. Bf6 Nc5 50. Kf4 Ke6 51. Bd4 Nd3+ 52. Kg5 h5 53. Be3 Ne5 54. Bf4 Nf3+ 55. Kh6 Kf5 56. Be3 f6 57. Bc5 Ng5 58. Be3 Ne4 59. Bd4 Nd6 60. Be3 Nf7+ 61. Kg7 Ng5 62. Kh6 Nf7+ 63. Kg7 Nd6 64. Kh6 Ne4 65. Bd4 Ng5 66. Be3 1/2-1/2

[Event "Asia-chT rapid"]
[Site "Hong Kong"]
[Date "2024.08.22"]
[Round "3.14"]
[White "Farid, Firman Syah"]
[Black "Nguyen, Hong Anh"]
[Result "1-0"]
[WhiteElo "2417"]
[BlackElo "2032"]
[PlyCount "73"]
[EventDate "2024.08.22"]
[EventType "team-swiss (rapid)"]
[EventRounds "11"]
[EventCountry "HKG"]
[SourceTitle "CBM 221 Extra"]
[Source "ChessBase"]
[SourceDate "2024.09.30"]
[SourceVersion "1"]
[SourceVersionDate "2024.09.30"]
[SourceQuality "1"]
[WhiteTeam "Jabar Juara"]
[BlackTeam "Ho Chi Minh"]
[WhiteTeamCountry "INA"]
[BlackTeamCountry "VIE"]

1. c4 e5 2. g3 g6 3. d4 Bg7 4. dxe5 Bxe5 5. Nf3 Bg7 6. Bg2 Ne7 7. Nc3 0-0 8. Bg5 h6 9. Bf4 d6 10. 0-0 Be6 11. Nd4 Bc8 12. Qd2 Kh7 13. Rad1 Nd7 14. Nb3 a5 15. c5 a4 16. cxd6 cxd6 17. Nd4 Ne5 18. Ndb5 Nc4 19. Qc2 Bf5 20. Qc1 a3 21. b3 Nb2 22. Rxd6 Qa5 23. Bxb7 Ra7 24. Bg2 Rc8 25. Qe3 Rxc3 26. Qxa7 Qxa7 27. Nxa7 Rc2 28. Rd2 g5 29. Rxc2 Bxc2 30. Bd6 Nf5 31. Bxa3 Nd1 32. Nb5 Nd4 33. Nxd4 Bxd4 34. Bb4 Kg7 35. Bf3 Nb2 36. Rc1 Bg6 37. Bc3 1-0